000 00253pab a2200109 454500
008 180718b xxu||||| |||| 00| 0 eng d
100 _aKhosla, G.S
245 _aRailways: three smouldering issues
650 _aRailways
773 _aPatriot
909 _a21887
999 _c21887
_d21887